Find the TV Female Nerds Quiz Stats

 Plays Quiz Updated Feb 4, 2018

Score 0/20 Timer 05:00
3 Plays Today
% Correct
Lisa Simpson
The Simpsons
96.8%
Velma Dinkley
Scooby-Doo, Where Are You!
94.4%
Betty Suarez
Ugly Betty
91.3%
Amy Farrah Fowler
The Big Bang Theory
83%
Liz Lemon
30 Rock
82.7%
Rory Gilmore
Gilmore Girls
79.9%
Topanga Lawrence
Boy Meets World
79.2%
Alex Dunphy
Modern Family
76.9%
Jess Day
New Girl
71.3%
Abby Sciuto
NCIS
68.2%
% Correct
Willow Rosenberg
Buffy the Vampire Slayer
67.6%
Rachel Berry
Glee
64.6%
Amy Santiago
Brooklyn Nine-Nine
61.6%
Annie Edison
Community
57.8%
Mabel Pines
Gravity Falls
57.8%
Felicity Smoak
Arrow
53.6%
Penelope Garcia
Criminal Minds
48.9%
Chloe Sullivan
Smallville
44.6%
Caitlin Snow
The Flash
44%
Fred Burkle
Angel
41.7%

You're not logged in!

Compare scores with friends on all Sporcle quizzes.
OR
Log In

Sporcle TV

Today on Sporcle TV


Watch our educational content, quiz creation guides, and fun videos on Sporcle TV.

Show Comments

Extras

Top Quizzes Today


Score Distribution

Your Account Isn't Verified!

In order to create a playlist on Sporcle, you need to verify the email address you used during registration. Go to your Sporcle Settings to finish the process.

Report this User

Report this user for behavior that violates our Community Guidelines.

Details: